El mundo de Max : la ciencia para todos (Registro nro. 3366)
[ vista simple ]
| 000 -CABECERA | |
|---|---|
| Longitud fija campo de control | 01252nam a2200277 i 4500 |
| 005 - • FECHA Y HORA DE LA ÚLTIMA TRANSACCIÓN | |
| Fecha y hora de la última transacción | 20220317000208.0 |
| 008 - • CÓDIGOS DE INFORMACIÓN DE LONGITUD FIJA | |
| Códigos de información de longitud fija | 141031s2008 sp a gr 000 0 spa d |
| 020 ## - • NÚMERO INTERNACIONAL NORMALIZADO PARA LIBROS | |
| Número Internacional Normalizado para Libros (ISBN) | 97884839320007 |
| 040 ## - FUENTE DE LA CATALOGACIÓN | |
| Centro catalogador de origen | CO-BoRNBP |
| Lengua de catalogación | spa |
| Centro transcriptor | CO-BoRNBP |
| Normas de descripción | rda |
| 082 ## - • NÚMERO DE LA CLASIFICACIÓN DECIMAL DEWEY | |
| Número de clasificación (R) | 530.02 |
| Número del ítem | F27m |
| 100 10 - • PUNTO DE ACCESO PRINCIPAL-NOMBRE DE PERSONA | |
| Nombre de persona | Fernández Panadero, Javier |
| Término indicativo de función | autor |
| 245 13 - • TITULO PROPIAMENTE DICHO | |
| Título | El mundo de Max : la ciencia para todos |
| Mención de responsabilidad, etc. | Javier Fernández Panadero, ilustrado por Olga Rienda Sevilla |
| 250 ## - • MENCIÓN DE EDICIÓN | |
| Mención de edición | Primera edición |
| 264 #1 - PRODUCCIÓN, PUBLICACIÓN , DISTRIBUCIÓN, FABRICACIÓN Y COPYRIGHT | |
| Lugar de producción, publicación, distribución, fabricación | Madrid |
| Nombre del productor, editor, distribuidor, fabricante | Páginas de Espuma |
| Fecha de de producción, publicación, distribución, fabricación o copyright | 2008 |
| 300 ## - • DESCRIPCIÓN FÍSICA | |
| Extensión | 187 páginas |
| Otras características físicas | ilustraciones |
| Dimensiones | 23 cm |
| 336 ## - TIPO DE CONTENIDO | |
| Término de tipo de contenido | texto |
| Código de tipo de contenido | txt |
| Fuente | rdacontent |
| 337 ## - TIPO DE MEDIO | |
| Nombre del tipo de medio | sin mediación |
| Código del tipo de medio | n |
| Fuente | rdamedia |
| 338 ## - TIPO DE SOPORTE | |
| Nombre del tipo de soporte | volumen |
| Código del tipo de soporte | nc |
| Fuente | rdacarrier |
| 505 1# - • NOTA DE CONTENIDO CON FORMATO | |
| Nota de contenido con formato | Relámpagos en la cama -- electricidad estática, ¿estamos hechos de cargas? -- pues no era para tanto la gravedad -- la gravedad y otras fuerzas -- en el autobús, calor humano -- fuerzas a distancia -- y ahora, llueve -- mojarse o no mojarse, gotas y menis |
| 650 14 - • PUNTO DE ACCESO ADICIONAL DE MATERIA - TÉRMINO DE MATERIA | |
| Término de materia o nombre geográfico como elemento inicial | Ciencia |
| Subdivisión de materia general | Enseñanza elemental |
| Fuente del encabezamiento o término | LEMB |
| 650 14 - • PUNTO DE ACCESO ADICIONAL DE MATERIA - TÉRMINO DE MATERIA | |
| Término de materia o nombre geográfico como elemento inicial | Experimentación científica |
| Subdivisión de materia general | Enseñanza Elemental |
| Fuente del encabezamiento o término | LEMB |
| 650 14 - • PUNTO DE ACCESO ADICIONAL DE MATERIA - TÉRMINO DE MATERIA | |
| Término de materia o nombre geográfico como elemento inicial | Física |
| Subdivisión de materia general | Enseñanza elemental |
| Fuente del encabezamiento o término | LEMB |
| 650 14 - • PUNTO DE ACCESO ADICIONAL DE MATERIA - TÉRMINO DE MATERIA | |
| Término de materia o nombre geográfico como elemento inicial | Naturaleza |
| Subdivisión de materia general | Enseñanza elemental |
| Fuente del encabezamiento o término | LEMB |
| 700 10 - • PUNTO DE ACCESO ADICIONAL - NOMBRE DE PERSONA | |
| Nombre de persona | Rienda Sevilla, Olga |
| 942 ## - ENTRADA DE ELEMENTOS AGREGADOS (KOHA) | |
| Fuente de clasificaión o esquema | Dewey Decimal Classification |
| Koha [por defecto] tipo de item | LIbro |
No hay ítems disponibles.